Ante Portas - Extra Muros : ein Survey zur koptisch-monastischen Besiedlung in Dra' Abu el-Naga Nord/Theben-West /

محفوظ في:

المؤلف الرئيسي: Beckh, Thomas (مؤلف)

مؤلف مشترك: Deutsches Archäologisches Institut Abteilung Kairo.

التنسيق: كتاب

اللغة: German

منشور في: Wiesbaden : Harrassowitz, 2024.

سلاسل: Sonderschrift (Deutsches Archäologisches Institut. Abteilung Kairo) ; 48.
SDAIK ; 48.

الموضوعات:

الوسوم: إضافة وسم

لا توجد وسوم, كن أول من يضع وسما على هذه التسجيلة!

رقم الطلب: ( F )DT57 .D48 v.48

LEADER 01202nam a22002777a 4500
003 OSt
005 20251222115548.0
008 251222t2024 gw abe b 000 0 ger d
020 |a 9783447121859 
040 |c ARCE Library 
050 1 4 |a ( F )DT57  |b .D48 v.48 
100 1 |a Beckh, Thomas,   |e author 
245 1 0 |a Ante Portas - Extra Muros :   |b ein Survey zur koptisch-monastischen Besiedlung in Dra' Abu el-Naga Nord/Theben-West /   |c von Thomas Beckh. 
264 1 |a Wiesbaden :   |b Harrassowitz,   |c 2024. 
300 |a 162 pages, 45 pages of plates :   |b illustrations (chiefly color), maps, plans ;   |c 31 cm +   |e 1 folded plan (40 x 48 cm folded to 20 x 24 cm)  
490 0 |a Sonderschrift (Deutsches Archäologisches Institut. Abteilung Kairo) ; 48. 
490 0 |a SDAIK ; 48. 
504 |a Includes bibliographical references (pages 149-154) 
650 0 |a Coptic art   |z Egypt   |x History. 
650 0 |a Christian antiquities   |z Egypt   |z Dra Abu el-Naga Site. 
650 0 |a Excavations (Archaeology)   |z Egypt   |z Dra Abu el-Naga Site. 
651 0 |2 Dra Abu el-Naga Site (Thebes, Egypt)  
710 2 |a Deutsches Archäologisches Institut Abteilung Kairo. 
901 |a reviewed 
942 |2 lcc  |c BK 
999 |c 60953  |d 60953